<?xml version="1.0" encoding="UTF-8"?>
<record
    xmlns:xsi="http://www.w3.org/2001/XMLSchema-instance"
    xsi:schemaLocation="http://www.loc.gov/MARC21/slim http://www.loc.gov/standards/marcxml/schema/MARC21slim.xsd"
    xmlns="http://www.loc.gov/MARC21/slim">

  <leader>01642nam a2200313 i 4500</leader>
  <controlfield tag="003">DO-SdBNP</controlfield>
  <controlfield tag="005">20240206102110.0</controlfield>
  <controlfield tag="007">ta</controlfield>
  <controlfield tag="008">110413s2020    dr a          000 j spa d</controlfield>
  <datafield tag="040" ind1=" " ind2=" ">
    <subfield code="a">DO-SdBNP</subfield>
    <subfield code="b">spa</subfield>
    <subfield code="c">BNPHU</subfield>
    <subfield code="e">rda</subfield>
  </datafield>
  <datafield tag="082" ind1=" " ind2=" ">
    <subfield code="b">D159</subfield>
    <subfield code="2">22</subfield>
  </datafield>
  <datafield tag="100" ind1=" " ind2=" ">
    <subfield code="a">Damir&#xF3;n, Anya</subfield>
    <subfield code="9">43024</subfield>
  </datafield>
  <datafield tag="245" ind1="1" ind2="0">
    <subfield code="a">Todos bailan /</subfield>
    <subfield code="c">Anya Damir&#xF3;n ; ilustrador Itsrogerd</subfield>
  </datafield>
  <datafield tag="264" ind1=" " ind2="1">
    <subfield code="a">Santo Domingo :</subfield>
    <subfield code="b">USAID,</subfield>
    <subfield code="b">UNIBE,</subfield>
    <subfield code="c">2020.</subfield>
  </datafield>
  <datafield tag="300" ind1=" " ind2=" ">
    <subfield code="a">8 p&#xE1;ginas </subfield>
    <subfield code="c">22 cm.</subfield>
    <subfield code="b">Ilustraciones </subfield>
  </datafield>
  <datafield tag="336" ind1=" " ind2=" ">
    <subfield code="2">rdacontent</subfield>
    <subfield code="a">texto</subfield>
    <subfield code="b">txt</subfield>
  </datafield>
  <datafield tag="337" ind1=" " ind2=" ">
    <subfield code="2">rdamedia</subfield>
    <subfield code="a">sin mediaci&#xF3;n </subfield>
    <subfield code="b">n</subfield>
  </datafield>
  <datafield tag="338" ind1=" " ind2=" ">
    <subfield code="2">rdacarrier</subfield>
    <subfield code="a">volumen</subfield>
    <subfield code="b">nc</subfield>
  </datafield>
  <datafield tag="490" ind1="1" ind2=" ">
    <subfield code="a">Libros decodificables</subfield>
    <subfield code="a">Proyecto leer</subfield>
    <subfield code="v">Etapa D-2</subfield>
  </datafield>
  <datafield tag="500" ind1=" " ind2=" ">
    <subfield code="a">Los libros decodificables est&#xE1;n compuestos de textos redactados con dificultad progresiva. Cada etapa decodificable enfatiza ciertas combinaciones de letras y sonidos tomando en cuenta el orden de frecuencia en la que aparecen en el idioma espa&#xF1;ol, y el nivel de dificultad de la relaci&#xF3;n letra-sonidos.</subfield>
  </datafield>
  <datafield tag="500" ind1=" " ind2=" ">
    <subfield code="a">Grafemas anteriores: a, m, e, n, o, s, i, l, u.</subfield>
  </datafield>
  <datafield tag="500" ind1=" " ind2=" ">
    <subfield code="a">Para docentes y tutores.</subfield>
  </datafield>
  <datafield tag="520" ind1=" " ind2=" ">
    <subfield code="a">Es la fiesta de fin de curso. Por fin salen todo de vacaciones. La m&#xFA;sica empieza a sonar y todos quieren bailar. Mina baila con sus manos. Nono baila con sus pies. Fafa se mueve tanto, que su pelo da un gran espect&#xE1;culo. Sole se mueve completa disfrutando cada sonido. A todos les gusta bailar y celebrar. Se acaba la fiesta y todos se despiden felices. &#xA1;Ya empiezan las vacaciones!</subfield>
  </datafield>
  <datafield tag="521" ind1=" " ind2=" ">
    <subfield code="a">Nivel primario</subfield>
  </datafield>
  <datafield tag="590" ind1=" " ind2=" ">
    <subfield code="a">Inventariado, 2024/ YL</subfield>
  </datafield>
  <datafield tag="700" ind1=" " ind2=" ">
    <subfield code="a">Itsrogerd</subfield>
    <subfield code="9">51092</subfield>
    <subfield code="e">ilustraciones</subfield>
  </datafield>
  <datafield tag="910" ind1=" " ind2=" ">
    <subfield code="a">YLockward</subfield>
  </datafield>
  <datafield tag="942" ind1=" " ind2=" ">
    <subfield code="2">ddc</subfield>
    <subfield code="c">LF2</subfield>
  </datafield>
  <datafield tag="952" ind1=" " ind2=" ">
    <subfield code="0">0</subfield>
    <subfield code="1">0</subfield>
    <subfield code="2">ddc</subfield>
    <subfield code="5">1</subfield>
    <subfield code="7">0</subfield>
    <subfield code="8">CIJ-PD</subfield>
    <subfield code="a">BNPHU</subfield>
    <subfield code="b">BNPHU</subfield>
    <subfield code="c">CT</subfield>
    <subfield code="d">2023-07-20</subfield>
    <subfield code="e">USAID- UNIBE</subfield>
    <subfield code="l">0</subfield>
    <subfield code="o">BNPHU F-CIJ-PD D159</subfield>
    <subfield code="p">2024-0704</subfield>
    <subfield code="r">2024-02-06</subfield>
    <subfield code="w">2024-02-06</subfield>
    <subfield code="y">LF2</subfield>
  </datafield>
  <datafield tag="952" ind1=" " ind2=" ">
    <subfield code="0">0</subfield>
    <subfield code="1">0</subfield>
    <subfield code="2">ddc</subfield>
    <subfield code="5">1</subfield>
    <subfield code="7">0</subfield>
    <subfield code="8">CIJ-PD</subfield>
    <subfield code="a">BNPHU</subfield>
    <subfield code="b">BNPHU</subfield>
    <subfield code="c">CT</subfield>
    <subfield code="d">2023-07-20</subfield>
    <subfield code="e">USAID- UNIBE</subfield>
    <subfield code="l">0</subfield>
    <subfield code="o">BNPHU F-CIJ-PD D159</subfield>
    <subfield code="p">2024-0705</subfield>
    <subfield code="r">2024-02-06</subfield>
    <subfield code="t">e. 2</subfield>
    <subfield code="w">2024-02-06</subfield>
    <subfield code="y">LF2</subfield>
  </datafield>
  <datafield tag="952" ind1=" " ind2=" ">
    <subfield code="0">0</subfield>
    <subfield code="1">0</subfield>
    <subfield code="2">ddc</subfield>
    <subfield code="5">6</subfield>
    <subfield code="7">0</subfield>
    <subfield code="8">DS</subfield>
    <subfield code="a">BNPHU</subfield>
    <subfield code="b">BNPHU</subfield>
    <subfield code="c">CT</subfield>
    <subfield code="d">2023-07-20</subfield>
    <subfield code="e">USAID- UNIBE</subfield>
    <subfield code="l">0</subfield>
    <subfield code="o">BNPHU F-CIJ-DS D159</subfield>
    <subfield code="p">2024-0706</subfield>
    <subfield code="r">2024-02-06</subfield>
    <subfield code="t">e. 3</subfield>
    <subfield code="w">2024-02-06</subfield>
    <subfield code="y">LF2</subfield>
  </datafield>
  <datafield tag="999" ind1=" " ind2=" ">
    <subfield code="c">55806</subfield>
    <subfield code="d">55806</subfield>
  </datafield>
</record>
